Normal view MARC view

Entry Personal Name

Number of records used in: 1

001 - CONTROL NUMBER

  • control field: 10103

003 - CONTROL NUMBER IDENTIFIER

  • control field: DLC

005 - DATE AND TIME OF LATEST TRANSACTION

  • control field: 20231208162907.0

008 - FIXED-LENGTH DATA ELEMENTS

  • fixed length control field: 950731n| azannaab |a aaa

010 ## - LIBRARY OF CONGRESS CONTROL NUMBER

  • LC control number: n 89268778

040 ## - CATALOGING SOURCE

  • Original cataloging agency: DLC
  • Language of cataloging: eng
  • Description conventions: rda
  • Transcribing agency: DLC
  • Modifying agency: DLC

100 1# - HEADING--PERSONAL NAME

  • Personal name: Rajaraja Varma, A. R.,
  • Dates associated with a name: 1863-1918.
  • Title of a work: Kēraḷapāṇinīyaṃ

400 10 - SEE FROM TRACING--PERSONAL NAME

  • Personal name: Rajaraja Varma, A. R.,
  • Dates associated with a name: 1863-1918.
  • Title of a work: Kēraḷapāṇinīyasaṅgrahaṃ

670 ## - SOURCE DATA FOUND

  • Source citation: Kēraḷapāṇinīyasaṅgrahaṃ, 1994:
  • Information found: introd., etc. (Kēraḷapāṇinīyaṃ; E. Ār. Rājarājavarmma)

Powered by Koha